[Event "South Wales Late Summer op"]
[Site "Cardiff"]
[Date "2022.09.03"]
[Round "2"]
[White "Wu, Yuxuan1"]
[Black "Chung, Daniel"]
[Result "1-0"]
[WhiteElo "1458"]
[BlackElo "1693"]
[PlyCount "120"]
[EventDate "2022.09.02"]
[EventType "swiss"]
[EventRounds "5"]
[EventCountry "WLS"]
[SourceTitle "EXT 2024"]
[Source "ChessBase"]
[SourceDate "2023.10.10"]
[SourceVersion "1"]
[SourceVersionDate "2023.10.10"]
[SourceQuality "1"]

1. d4 Nf6 2. c4 c6 3. Nc3 d5 4. Nf3 Bg4 5. Bf4 Nbd7 6. h3 Bh5 7. e3 e6 8. cxd5 Nxd5 9. Nxd5 exd5 10. Be2 Bb4+ 11. Nd2 Bxe2 12. Qxe2 Qa5 13. a3 Bxd2+ 14. Qxd2 Qxd2+ 15. Kxd2 Nb6 16. b3 Kd7 17. Rac1 f6 18. Rc3 g5 19. Bh2 Rhg8 20. a4 Nc8 21. a5 Nd6 22. Bxd6 Kxd6 23. Rhc1 a6 24. g4 Rae8 25. b4 Re7 26. Rh1 Rgg7 27. Rcc1 Ref7 28. Rcg1 Ke6 29. Rg2 Rf8 30. h4 h6 31. hxg5 hxg5 32. Rh6 Rfg8 33. Rgh2 Kf7 34. Ke2 Rg6 35. R6h5 R8g7 36. f3 Ke6 37. Rh8 Re7 38. e4 Kd6 39. Kd3 dxe4+ 40. fxe4 Rgg7 41. R2h6 Re6 42. Rf8 Ke7 43. Rb8 Kd6 44. Rhh8 Rd7 45. Rhf8 Kc7 46. Rfc8+ Kd6 47. Rd8 Ree7 48. Rxd7+ Rxd7 49. Rh8 Ke6 50. Kc4 Kd6 51. Rh6 Ke7 52. Kc5 Ke6 53. e5 Rd5+ 54. Kc4 Ke7 55. Rxf6 Rb5 56. Rg6 Kf7 57. Rxg5 Ke6 58. Rg6+ Kf7 59. Rd6 Ke7 60. g5 Kf7 1-0

[Event "South Wales Summer Major op"]
[Site "Penarth"]
[Date "2017.09.03"]
[Round "5"]
[White "Chung, Daniel"]
[Black "Davies, Gareth"]
[Result "0-1"]
[WhiteElo "1261"]
[BlackElo "1365"]
[PlyCount "102"]
[EventDate "2017.09.01"]
[EventType "swiss"]
[EventRounds "5"]
[EventCountry "WLS"]
[SourceTitle "EXT 2020"]
[Source "ChessBase"]
[SourceDate "2019.10.17"]
[SourceVersion "1"]
[SourceVersionDate "2019.10.17"]
[SourceQuality "1"]

1. d4 d5 2. c4 c6 3. Nc3 Nf6 4. e3 e6 5. Nf3 Be7 6. Bd2 Nbd7 7. Bd3 0-0 8. Qc2 g6 9. c5 Re8 10. 0-0 Bf8 11. e4 dxe4 12. Nxe4 Nxe4 13. Bxe4 Bg7 14. Be3 Nf6 15. Rfd1 Nd5 16. Bxd5 exd5 17. Qc3 Bg4 18. Bg5 f6 19. Bf4 Bxf3 20. Qxf3 Re4 21. Be3 Qd7 22. Rd3 Rae8 23. Rad1 f5 24. g3 h5 25. h4 Qe7 26. Kg2 Bf6 27. Kf1 Qg7 28. b4 a6 29. a3 f4 30. Bxf4 Bxd4 31. Be3 Be5 32. Kg2 Qc7 33. Kf1 Rf8 34. Qg2 Qf7 35. R1d2 Rc4 36. Re2 Qf5 37. Rd1 Qg4 38. Red2 Bxg3 39. Kg1 Bxh4 40. Qxg4 Rxg4+ 41. Kh2 Bg5 42. Bxg5 Rxg5 43. Rg1 Rxg1 44. Kxg1 Kg7 45. Rd3 g5 46. Re3 Rf7 47. Kg2 g4 48. Kg3 Kf6 49. f3 gxf3 50. Rxf3+ Kg6 51. Rxf7 Kxf7 0-1

[Event "South Wales Summer Major op"]
[Site "Penarth"]
[Date "2017.09.02"]
[Round "2"]
[White "Chung, Daniel"]
[Black "MacNeil, Elliott"]
[Result "0-1"]
[WhiteElo "1261"]
[BlackElo "1625"]
[PlyCount "92"]
[EventDate "2017.09.01"]
[EventType "swiss"]
[EventRounds "5"]
[EventCountry "WLS"]
[SourceTitle "EXT 2020"]
[Source "ChessBase"]
[SourceDate "2019.10.17"]
[SourceVersion "1"]
[SourceVersionDate "2019.10.17"]
[SourceQuality "1"]

1. d4 f5 2. c4 Nf6 3. Nc3 g6 4. e3 Bg7 5. Nf3 d6 6. Bd2 0-0 7. Bd3 Nc6 8. 0-0 e5 9. Bc2 a5 10. a3 h6 11. Qe2 g5 12. d5 Nb8 13. e4 f4 14. Rfe1 Nh7 15. Bc1 g4 16. Nd2 Qh4 17. Nf1 Ng5 18. Qd3 Na6 19. Na4 Bd7 20. Qc3 f3 21. Bxg5 Qxg5 22. g3 Qh5 23. b3 Qh3 24. Ne3 Bxa4 25. bxa4 Nc5 26. Red1 Bf6 27. Qe1 Bg5 28. Qf1 Bxe3 29. Qxh3 Bxf2+ 30. Kxf2 gxh3 31. Rf1 Rf7 32. Ke3 Raf8 33. Rf2 Nd7 34. Raf1 Nf6 35. Kd3 Ng4 36. Rd2 f2 37. Rdd1 Nxh2 38. Ke2 Nxf1 39. Kxf1 h2 40. Kg2 f1Q+ 41. Rxf1 Rxf1 42. Kxh2 R1f2+ 43. Kh3 Rxc2 44. Kh4 Kg7 45. Kh5 Rf1 46. Kg4 Kg6 0-1